1449 1547 1961 1109 1749 1742 1745 1328 1233 1852 1281 1519 1999 1840 1538 1136 1805 1585 1133 1433 1358 1165 1759 1157 1513 1201 1083 1774 1192 1278 1514 1716 1097 1082 1997 1112 1691 1456 1772 1442 1623 1079 1363 1789 1466 1285 1481 1298 1302 1810 1898 1653 1200 1037 1723 1257 1123 1052 1188 1042 1907 1635 1328 1966 1315 1930 1698 1801 1692 1870 1318 1760 1463 1929 1653 1306 1297 1948 1874 1257 1689 1401 1770 1284 1039 1875 1281 1800 1448 1395 1699 1661 1642 1622 1521 1705 1066 1596 1307 BCNSPRNW ULIB Ver.6.0+V

เปลี่ยนเป็นภาษาไทย

Change to English
 แสดงรายละเอียดบรรณานุกรม
  กลับหน้าหลัก

Brief Record : Get Marc (ISO 2709) : E-mail record : QR code < ปิดหน้าต่าง
LEADER : 00000nam 2200000uu 4500
001    13399109665
003     ULIB
008    110407s2005||||th 000 0 eng d
020    1582796467
060  4 WB890^bT111O 2005
110 1  Trident Reference Publishing
245 00 Overcomming skin problems/^cTrident Reference Publishing
260    China:^bGrolier,^c2005
300    63 p.:^bcol.
650  7 skin problems
650  7 Natural Herb
650  7 Therapie
945    ^p0^l0^i023012
995    Tossapron
999 ^a ใช้งานได้ทุกระบบ
รายการนี้ยังไม่มีแท็ก
คุณยังไม่ได้ล็อกอิน คุณสามารถมีกิจกรรมร่วมกับเว็บไซต์ได้ แต่ต้องล็อกอินก่อน ::
  ล็อกอิน

รายการสื่อสารสนเทศ

ลำดับที่ ประเภท เลขเรียก/บาร์โค้ด สถานที่ สถานะ
- ไม่พบข้อมูล -

รายการใกล้เคียง
    หัวเรื่อง [Natural Herb]
    หัวเรื่อง [Therapie]

BibComment


ยังไม่เคยถูกคอมเมนท์

คอมเมนท์ทรัพยากรรายการนี้
  คอมเมนท์: Overcomming skin ..


 Copyright 2026. Bcnsprnw @Library